000 00272nam a22001097a 4500
008 240710b |||||||| |||| 00| 0 eng d
100 _aVasvani, Mekaram
_916768
245 _aBharat Jun Deviyu
260 _aBombay:
_bLok Sewa Mandal;
_c1964.
300 _a144p.
942 _cBK
999 _c39893
_d39893